000 00606cam a22002292a 4500
001 019695
003 AR-FADEU
008 311216n2001####xxu####################dd
020 _a0-439-33995-2
092 _a808.831
_bM996l
_e/CAJITAS/
100 _aMyers, Rau
245 _aTrue ghost stories
260 _aNew York
260 _bScholastic. INC.
260 _c2001
300 _a351 p. : il
440 _aLittle giant
700 _aJim, Sharpe, il.
650 _aLITERATURA ESTADOUNIDENSE-SIGLO XXI; CUENTO/SHORT STORIES//REVISADO/LITERATURA INFANTIL
546 _aInglés
942 _cBDGR
999 _c25422
_d25422